| 000 | 01071na a2200253 4500 | ||
|---|---|---|---|
| 001 | 18388 | ||
| 003 | MIRAKIL | ||
| 005 | 20181213155018.0 | ||
| 008 | 161117b tu 000 0 | ||
| 035 | _a18388 | ||
| 040 |
_aMilas _btur _cTR-AnCHP |
||
| 041 | _atur | ||
| 082 |
_a344.01026 _bB55 1975 |
||
| 090 | _a344.01026 B55 1975 | ||
| 111 |
_a1927 Sayılı Kanun ile Kıdem Tazminatı Yönünden Getirilen Yenilikler ve Doğurduğu Sorunlar Semineri _cEskişehir _d1975 |
||
| 245 |
_a1927 Sayılı kanun ile kıdem tazminatı yönünden getirilen yenilikler ve doğurduğu sorunlar _cEskişehir İktisadi ve Ticari İlimler Akademisi |
||
| 260 |
_aEskişehir _bEskişehir İktisadi ve Ticari İlimler Akademisi _c1976 |
||
| 300 |
_a133 s. _c23 sm. |
||
| 490 |
_aİş Hukuku ve Sosyal Güvenlik Hukuku Türk Milli Komitesi Yayını _v1 |
||
| 490 |
_aEskişehir İktisadi ve Ticari İlimler Akademisi Yayınları _v152/94 |
||
| 650 |
_aİş hukuku _xKıdem tazminatı _yToplantılar |
||
| 710 | _aEskişehir İktisadi ve Ticari İlimler Akademisi | ||
| 942 |
_2ddc _cBKS |
||
| 999 |
_c4788 _d4788 |
||